Online Catalogue and eLibrary

Vilankilla adimaikal : (Record no. 4197)

MARC details
000 -LEADER
fixed length control field 00427nam a2200145Ia 4500
005 - DATE AND TIME OF LATEST TRANSACTION
control field 20250317133845.0
008 - FIXED-LENGTH DATA ELEMENTS--GENERAL INFORMATION
fixed length control field 240331s9999 xx 000 0 und d
082 ## - DDC Classification
Item Number - Author Mark KAN
Class No. 894
100 ## - MAIN ENTRY--PERSONAL NAME
Personal name Kaneshlingham, S
245 #0 - TITLE STATEMENT
Title Vilankilla adimaikal :
Remainder of title oru samakala varalaattup puthinam
260 ## - PUBLICATION, DISTRIBUTION, ETC.
Place of publication, distribution, etc. Chennai
Name of publisher, distributor, etc. Kumaran Pathippagam
Date of publication, distribution, etc. 1991
300 ## - PHYSICAL DESCRIPTION
Extent (e.g. Volumes, Pages etc.) 132 p .,
500 ## - GENERAL NOTE
General note Ilanagaiyin theshiya ina pirachanai patriya novel
942 ## - Koha item type (Biblio)
Koha item type Books in Stacks (Lending)
Holdings
Lost status Damaged status Collection code Home library Current library Shelving location Date acquired Full call number Accession Number Item type
    Lending WERC Library WERC Library Social Science Cupboard 03/31/2024 894.811 KAN 800 Books in Stacks (Lending)

© WERC Library